Lớp vỏ cảnh quan và các quy luật địa lí của trái đất Giáo trình đào tạo giáo viên trung học cơ sở hệ cao đẳng sư phạm

Đã lưu trong:
Bibliografiske detaljer
Hovedforfatter: Nguyễn Thị Kim Chương
Format: Bog
Udgivet: H. Giáo Dục 1998
Serier:ĐTTS ghi: Bộ Giáo Dục và Đào Tạo
Fag:
Tags: Tilføj Tag
Ingen Tags, Vær først til at tagge denne postø!
Thư viện lưu trữ: Trung tâm Học liệu Lê Vũ Hùng, Trường Đại học Đồng Tháp
LEADER 01110pam a22002658a 4500
001 00022647
005 20171026081022.0
008 110601s1998 ||||||Viesd
041 0 # |a Vie 
082 1 4 |a 551.1  |b L466V 
100 0 # |a Nguyễn Thị Kim Chương 
245 0 0 |a Lớp vỏ cảnh quan và các quy luật địa lí của trái đất  |b Giáo trình đào tạo giáo viên trung học cơ sở hệ cao đẳng sư phạm  |c Nguyễn Thị Kim Chương 
260 # # |a H.  |b Giáo Dục  |c 1998 
300 # # |a 56 tr.  |c 24 cm. 
490 # # |a ĐTTS ghi: Bộ Giáo Dục và Đào Tạo 
653 # # |a Cảnh quan 
653 # # |a Trái đất 
653 # # |a Quy luật địa lí 
653 # # |a Lớp vỏ 
852 # # |b Kho giáo trình  |j KGT.0024505, KGT.0024506, KGT.0024507, KGT.0024508 
852 # # |j KD.0007825  |j KGT.0024505  |j KGT.0024506  |j KGT.0024508  |j KGT.0024507 
852 # # |b Kho đọc  |j KD.0007825 
852 # # |b Kho mượn  |j KGT.0024505 
910 0 # |a kìm  |d 01/06/2011 
980 # # |a Trung tâm Học liệu Lê Vũ Hùng, Trường Đại học Đồng Tháp